[Event "Sochi ChessAmateur op10"]
[Site "Sochi"]
[Date "2018.10.15"]
[Round "5"]
[White "Chechetko, Georgy"]
[Black "Kudrin, Oleg"]
[Result "0-1"]
[WhiteElo "1816"]
[BlackElo "2106"]
[PlyCount "78"]
[EventDate "2018.10.12"]
[EventType "swiss"]
[EventRounds "9"]
[EventCountry "RUS"]
[SourceTitle "CBM 187 Extra"]
[Source "ChessBase"]
[SourceDate "2018.11.04"]
[SourceVersion "1"]
[SourceVersionDate "2018.11.04"]
[SourceQuality "1"]

1. e4 c6 2. d4 d5 3. exd5 cxd5 4. Bd3 Nf6 5. h3 g6 6. c3 Bg7 7. Qc2 0-0 8. Nf3 Nc6 9. 0-0 Bd7 10. Re1 Re8 11. Qe2 Bf5 12. Bxf5 gxf5 13. Nbd2 e6 14. Ne5 Nxe5 15. Qxe5 Kh8 16. Qe2 Rg8 17. Nf3 Nd7 18. Bg5 Bf6 19. Bxf6+ Nxf6 20. Kh1 Rg7 21. Rg1 Ne4 22. Nd2 Qh4 23. Nxe4 fxe4 24. f3 Rag8 25. fxe4 dxe4 26. Raf1 f5 27. d5 Rg3 28. Qf2 e3 29. Qe2 Qe4 30. Rf3 exd5 31. Rxg3 Rxg3 32. Kh2 f4 33. Rf1 a6 34. Rf3 Rxf3 35. gxf3 Qg6 36. c4 Qg3+ 37. Kh1 Qxh3+ 38. Kg1 Qg3+ 39. Kh1 Qh4+ 0-1

[Event "Sochi ChessAmateur op10"]
[Site "Sochi"]
[Date "2018.10.14"]
[Round "4"]
[White "Kudrin, Oleg"]
[Black "Beshukova, Alina"]
[Result "0-1"]
[WhiteElo "2106"]
[BlackElo "1871"]
[PlyCount "94"]
[EventDate "2018.10.12"]
[EventType "swiss"]
[EventRounds "9"]
[EventCountry "RUS"]
[SourceTitle "CBM 187 Extra"]
[Source "ChessBase"]
[SourceDate "2018.11.04"]
[SourceVersion "1"]
[SourceVersionDate "2018.11.04"]
[SourceQuality "1"]

1. d4 d5 2. c4 e6 3. Nc3 Nf6 4. Nf3 Be7 5. g3 0-0 6. Bg2 c6 7. 0-0 Nbd7 8. b3 b6 9. Re1 Bb7 10. Ne5 Nxe5 11. dxe5 Nd7 12. cxd5 cxd5 13. e4 dxe4 14. Nxe4 Nxe5 15. Qh5 Ng6 16. Bb2 Rc8 17. h4 Bxe4 18. Bxe4 Bf6 19. Rad1 Qe7 20. Bxf6 Qxf6 21. Rd7 Rc5 22. Qd1 a5 23. Qd6 Ne5 24. Rb7 Nf3+ 25. Bxf3 Qxf3 26. Rxb6 Rc2 27. Qd4 Rfc8 28. Rb5 Rc1 29. Rbe5 h6 30. g4 R8c2 31. g5 h5 32. g6 Rxe1+ 33. Rxe1 fxg6 34. a4 Qxb3 35. Qd8+ Kh7 36. Qxa5 Rc4 37. Qb5 Rg4+ 38. Kf1 Qh3+ 39. Ke2 Re4+ 40. Kd2 Rd4+ 41. Ke2 Qxh4 42. f3 Rxa4 43. Qb3 Qh2+ 44. Ke3 Ra2 45. Rd1 Qe2+ 46. Kd4 Rd2+ 47. Rxd2 Qxd2+ 0-1

[Event "Sochi ChessAmateur op10"]
[Site "Sochi"]
[Date "2018.10.12"]
[Round "1"]
[White "Chernyavsky, Alexander"]
[Black "Kudrin, Oleg"]
[Result "1-0"]
[WhiteElo "2319"]
[BlackElo "2106"]
[PlyCount "66"]
[EventDate "2018.10.12"]
[EventType "swiss"]
[EventRounds "9"]
[EventCountry "RUS"]
[SourceTitle "CBM 187 Extra"]
[Source "ChessBase"]
[SourceDate "2018.11.04"]
[SourceVersion "1"]
[SourceVersionDate "2018.11.04"]
[SourceQuality "1"]

1. d4 Nf6 2. Nf3 d5 3. c4 c6 4. g3 e6 5. Bg2 Nbd7 6. 0-0 dxc4 7. a4 Bb4 8. Qc2 0-0 9. Qxc4 Qa5 10. Nc3 b6 11. Na2 Be7 12. Qxc6 Ba6 13. Qc2 Rac8 14. Qd1 Qf5 15. Bd2 Qc2 16. Qxc2 Rxc2 17. Bb4 Bxe2 18. Bxe7 Bxf1 19. Rxf1 Re8 20. Ba3 e5 21. dxe5 Nxe5 22. Nxe5 Rxe5 23. Nc3 Rd2 24. Bf3 g5 25. h3 h5 26. Kg2 g4 27. hxg4 Nxg4 28. Nd1 a5 29. Kg1 f5 30. Nc3 Kf7 31. Rd1 Rxd1+ 32. Nxd1 Re1+ 33. Kg2 Kg6 1-0

[Event "Sochi Doroshkevich Amateur op"]
[Site "Sochi"]
[Date "2017.12.27"]
[Round "8"]
[White "Savelenko, Arseny"]
[Black "Kudrin, Oleg"]
[Result "0-1"]
[WhiteElo "1988"]
[BlackElo "2133"]
[PlyCount "80"]
[EventDate "2017.12.21"]
[EventType "swiss"]
[EventRounds "9"]
[EventCountry "RUS"]
[SourceTitle "CBM 182 Extra"]
[Source "ChessBase"]
[SourceDate "2018.02.23"]
[SourceVersion "1"]
[SourceVersionDate "2018.02.23"]
[SourceQuality "1"]

1. e4 c6 2. d4 d5 3. Nd2 g6 4. e5 a6 5. Bd3 c5 6. c3 Nc6 7. Ne2 Bg4 8. f3 Bf5 9. Bxf5 gxf5 10. e6 fxe6 11. Nf4 Qd6 12. Nb3 b6 13. dxc5 bxc5 14. Be3 Bh6 15. g3 Bxf4 16. gxf4 c4 17. Nd4 Nxd4 18. Bxd4 Nf6 19. Qd2 Rg8 20. 0-0-0 Kf7 21. Rde1 Rg6 22. Re2 Nd7 23. Qe3 Rc8 24. h4 h5 25. Kc2 Rcg8 26. Rhe1 a5 27. Rf2 a4 28. a3 Qb8 29. Kb1 Nf8 30. Rfe2 Rg3 31. Be5 Qb7 32. Bd4 R8g6 33. Qe5 Rg8 34. Kc1 Rxf3 35. Rg1 Rxg1+ 36. Bxg1 Rg3 37. Bd4 Rg8 38. Qe3 Qc8 39. Qf3 Rg4 40. Rg2 Ng6 0-1

[Event "Sochi Doroshkevich Amateur op"]
[Site "Sochi"]
[Date "2017.12.25"]
[Round "6"]
[White "Kuryshkin, Anatoliy"]
[Black "Kudrin, Oleg"]
[Result "1-0"]
[WhiteElo "1973"]
[BlackElo "2133"]
[PlyCount "57"]
[EventDate "2017.12.21"]
[EventType "swiss"]
[EventRounds "9"]
[EventCountry "RUS"]
[SourceTitle "CBM 182 Extra"]
[Source "ChessBase"]
[SourceDate "2018.02.23"]
[SourceVersion "1"]
[SourceVersionDate "2018.02.23"]
[SourceQuality "1"]

1. e4 c6 2. d4 d5 3. Nd2 g6 4. exd5 cxd5 5. Bb5+ Nc6 6. Ngf3 Bg7 7. c3 Qb6 8. Qb3 e6 9. Ne5 Bxe5 10. dxe5 Bd7 11. Bxc6 Qxc6 12. Nf3 Qa6 13. Nd4 f6 14. f4 Nh6 15. exf6 0-0 16. Nf3 Rxf6 17. Ne5 Ba4 18. Qb4 Raf8 19. Nf3 d4 20. Ng5 e5 21. Qe7 R6f7 22. Nxf7 Nxf7 23. Kf2 dxc3 24. bxc3 Qd3 25. Re1 Qxc3 26. Qa3 Qd4+ 27. Be3 Qe4 28. Qxf8+ Kxf8 29. Bc5+ 1-0

[Event "Sochi Tseshkovsky Memorial op"]
[Site "Sochi"]
[Date "2014.09.17"]
[Round "1"]
[White "Yakovich, Yuri"]
[Black "Kudrin, Oleg"]
[Result "1-0"]
[WhiteElo "2524"]
[BlackElo "2022"]
[PlyCount "69"]
[EventDate "2014.09.17"]
[EventType "swiss"]
[EventRounds "9"]
[EventCountry "RUS"]
[SourceTitle "CBM 162 Extra"]
[Source "ChessBase"]
[SourceDate "2014.10.17"]
[SourceVersion "1"]
[SourceVersionDate "2014.10.17"]
[SourceQuality "1"]

1. d4 d5 2. c4 c6 3. Nc3 Nf6 4. e3 e6 5. Nf3 Nbd7 6. Bd3 Be7 7. 0-0 dxc4 8. Bxc4 b5 9. Bd3 a6 10. e4 Bb7 11. e5 Nd5 12. Nxd5 cxd5 13. a4 bxa4 14. Qxa4 Qb6 15. Bd2 Bc6 16. Qa5 Bb7 17. Rfc1 Qxa5 18. Bxa5 h6 19. Nd2 0-0 20. Rc7 Bc8 21. Nb3 Rb8 22. Rc3 Bb4 23. Rc2 Be7 24. Nd2 f6 25. exf6 Bxf6 26. Bc7 Ra8 27. Nf3 Kf7 28. Bd6 Be7 29. Bg3 Bf6 30. Rc7 Ke7 31. Rac1 Rb8 32. R7c6 Rb3 33. Bd6+ Kf7 34. Bxf8 Rxd3 35. Bd6 1-0

[Event "Lazarevskoe op"]
[Site "Lazarevskoe"]
[Date "2014.06.20"]
[Round "?"]
[White "Kudrin, Oleg"]
[Black "Bukanov, Sergei"]
[Result "0-1"]
[WhiteElo "2000"]
[BlackElo "2296"]
[PlyCount "74"]
[EventDate "2014.06.14"]
[EventType "swiss"]
[EventRounds "9"]
[EventCountry "RUS"]
[SourceTitle "EXT 2015"]
[Source "ChessBase"]
[SourceDate "2014.11.20"]
[SourceVersion "1"]
[SourceVersionDate "2014.11.20"]
[SourceQuality "1"]

1. d4 g6 2. c4 Bg7 3. Nc3 d6 4. g3 Nc6 5. Nf3 Bg4 6. d5 Bxf3 7. exf3 Nd4 8. Bg2 c5 9. 0-0 Nh6 10. Re1 0-0 11. Qd3 Qd7 12. Rb1 e5 13. dxe6 fxe6 14. f4 Rae8 15. b4 b6 16. a4 Nhf5 17. Bb2 a6 18. b5 a5 19. Ne4 Re7 20. h4 h6 21. Nd2 Ref7 22. Nf3 Kh8 23. Nxd4 Bxd4 24. Be4 Bxb2 25. Rxb2 Nd4 26. Bxg6 Rg7 27. h5 e5 28. f5 Rxg6 29. hxg6 Rxf5 30. Re4 Rh5 31. Rh4 Rxh4 32. gxh4 Qg4+ 33. Kf1 Qxh4 34. Qg3 Qh1+ 35. Qg1 Qh3+ 36. Qg2 Qd3+ 37. Kg1 Nf3+ 0-1

[Event "Lazarevskoe op"]
[Site "Lazarevskoe"]
[Date "2014.06.19"]
[Round "?"]
[White "Kudrin, Oleg"]
[Black "Yurchenko, Nikolay"]
[Result "1-0"]
[WhiteElo "2000"]
[BlackElo "2046"]
[PlyCount "59"]
[EventDate "2014.06.14"]
[EventType "swiss"]
[EventRounds "9"]
[EventCountry "RUS"]
[SourceTitle "EXT 2015"]
[Source "ChessBase"]
[SourceDate "2014.11.20"]
[SourceVersion "1"]
[SourceVersionDate "2014.11.20"]
[SourceQuality "1"]

1. e4 e5 2. Nf3 Nc6 3. Bb5 Bc5 4. 0-0 d6 5. c3 Bd7 6. b4 Bb6 7. Bc4 Bg4 8. d3 h6 9. Qb3 Qf6 10. Nbd2 Nge7 11. a4 a5 12. b5 Nd8 13. Bb2 Ne6 14. h3 Bh5 15. Rae1 Nf4 16. Kh2 0-0 17. g4 Bg6 18. d4 Ne6 19. Bxe6 fxe6 20. dxe5 dxe5 21. c4 Bd4 22. Nxd4 Qf4+ 23. Qg3 Qxd2 24. Bc3 Qa2 25. Nxe6 Rf6 26. Qxe5 Bf7 27. Nxg7 Rxf2+ 28. Kh1 Ng6 29. Qxc7 Bxc4 30. Nh5 1-0

[Event "Lazarevskoe op"]
[Site "Lazarevskoe"]
[Date "2014.06.18"]
[Round "?"]
[White "Zhukov, Viktor I"]
[Black "Kudrin, Oleg"]
[Result "0-1"]
[WhiteElo "2102"]
[BlackElo "2000"]
[PlyCount "22"]
[EventDate "2014.06.14"]
[EventType "swiss"]
[EventRounds "9"]
[EventCountry "RUS"]
[SourceTitle "EXT 2015"]
[Source "ChessBase"]
[SourceDate "2014.11.20"]
[SourceVersion "1"]
[SourceVersionDate "2014.11.20"]
[SourceQuality "1"]

1. e4 c5 2. Nf3 d6 3. d4 cxd4 4. Nxd4 Nf6 5. Nc3 a6 6. Bc4 e6 7. a3 Be7 8. 0-0 0-0 9. Ba2 b6 10. f4 Bb7 11. f5 e5 0-1

[Event "Lazarevskoe op"]
[Site "Lazarevskoe"]
[Date "2014.06.15"]
[Round "?"]
[White "Kudrin, Oleg"]
[Black "Boitsov, Gennadij"]
[Result "1-0"]
[WhiteElo "2000"]
[BlackElo "2148"]
[PlyCount "117"]
[EventDate "2014.06.14"]
[EventType "swiss"]
[EventRounds "9"]
[EventCountry "RUS"]
[SourceTitle "EXT 2015"]
[Source "ChessBase"]
[SourceDate "2014.11.20"]
[SourceVersion "1"]
[SourceVersionDate "2014.11.20"]
[SourceQuality "1"]

1. e4 c6 2. d4 d5 3. Nc3 dxe4 4. Nxe4 Nd7 5. Bf4 Ngf6 6. f3 Nd5 7. Bg3 Qb6 8. c4 Qb4+ 9. Qd2 Qxd2+ 10. Kxd2 N5f6 11. Bd3 e6 12. Nd6+ Bxd6 13. Bxd6 b6 14. Ne2 Bb7 15. b4 Nf8 16. Nc3 Ng6 17. Rhe1 Kd7 18. c5 Ne7 19. Bc4 Rhe8 20. Ne4 Nxe4+ 21. fxe4 Ng8 22. Rf1 f6 23. g4 b5 24. Bd3 a5 25. e5 h6 26. Bg6 axb4 27. Bxe8+ Kxe8 28. Rf3 Bc8 29. Kc2 Kf7 30. Kb2 Kg6 31. h4 Ra7 32. a3 h5 33. g5 fxg5 34. Rf8 bxa3+ 35. Kb3 Nh6 36. hxg5 Nf5 37. Rxc8 Nxd4+ 38. Kc3 Ra4 39. Rd1 a2 40. Kb2 b4 41. Rc7 b3 42. Bf8 Nc2 43. Rxg7+ Kf5 44. Rf1+ Kxe5 45. Bd6+ Kd5 46. Kxb3 a1Q 47. Rxa1 Rxa1 48. Kxc2 Rg1 49. Be7 e5 50. Rh7 Rg2+ 51. Kd3 e4+ 52. Ke3 Rg3+ 53. Kf2 Rf3+ 54. Ke2 Ke6 55. Bf6 Rh3 56. Re7+ Kf5 57. Re5+ Kf4 58. g6 Rg3 59. Rg5 1-0

[Event "Armavir-ch"]
[Site "Armavir"]
[Date "2014.05.06"]
[Round "7"]
[White "Kudrin, Oleg"]
[Black "Kvanin, Georgy"]
[Result "1-0"]
[WhiteElo "1991"]
[BlackElo "1956"]
[PlyCount "53"]
[EventDate "2014.04.30"]
[EventType "swiss"]
[EventRounds "9"]
[EventCountry "RUS"]
[SourceTitle "CBM 160 Extra"]
[Source "ChessBase"]
[SourceDate "2014.07.01"]
[SourceVersion "1"]
[SourceVersionDate "2014.07.01"]
[SourceQuality "1"]

1. e4 e5 2. Nf3 Nc6 3. Bb5 Bc5 4. 0-0 Nge7 5. c3 a6 6. Bxc6 Nxc6 7. d4 Bd6 8. dxe5 Nxe5 9. Nxe5 Bxe5 10. f4 Bf6 11. e5 Be7 12. Qg4 g6 13. f5 h5 14. Qf3 g5 15. Qe4 Rg8 16. b4 h4 17. f6 Bf8 18. Qh7 Rg6 19. Qxg6 Bc5+ 20. bxc5 fxg6 21. Nd2 d5 22. Nf3 Be6 23. Nxg5 Qd7 24. f7+ Ke7 25. Rf6 Bf5 26. c6 bxc6 27. Ba3+ 1-0

[Event "Armavir Cup op"]
[Site "Armavir"]
[Date "2014.??.??"]
[Round "7"]
[White "Airapetian, Eduard"]
[Black "Kudrin, Oleg"]
[Result "0-1"]
[WhiteElo "2043"]
[BlackElo "1991"]
[PlyCount "108"]
[EventDate "2014.12.14"]
[EventType "swiss"]
[EventRounds "9"]
[EventCountry "RUS"]
[SourceTitle "CBM 164 Extra"]
[Source "ChessBase"]
[SourceDate "2015.03.02"]
[SourceVersion "1"]
[SourceVersionDate "2015.03.02"]
[SourceQuality "1"]

1. e4 c5 2. c3 Nc6 3. Nf3 Nf6 4. e5 Nd5 5. d4 cxd4 6. cxd4 d6 7. Be2 e6 8. Bd2 Qb6 9. Nc3 Qxb2 10. Nxd5 exd5 11. 0-0 Be7 12. Qa4 Qb6 13. Rab1 Qc7 14. exd6 Qxd6 15. Bb4 Qc7 16. Bxe7 Qxe7 17. Bb5 0-0 18. Bxc6 bxc6 19. Qxc6 Be6 20. Qc5 Qd7 21. Ne5 Qa4 22. a3 Rfc8 23. Qb4 Qxb4 24. Rxb4 Rc3 25. Rfb1 h5 26. R4b3 Rac8 27. h3 a5 28. Rxc3 Rxc3 29. Ra1 g5 30. Kf1 f6 31. Nf3 Bxh3 32. Nxg5 Bxg2+ 33. Kxg2 fxg5 34. Rh1 h4 35. Rb1 Rxa3 36. Rb5 Kf7 37. Rxd5 Kf6 38. Rb5 a4 39. Ra5 h3+ 40. Kh2 g4 41. Ra6+ Kf5 42. Ra5+ Kf4 43. Ra8 Ra2 44. Rf8+ Ke4 45. Kg3 Ra3+ 46. Kxg4 Kxd4 47. Rh8 Rb3 48. f3 a3 49. Kxh3 Rxf3+ 50. Kg2 Rb3 51. Rc8 Rb2+ 52. Kf3 a2 53. Ra8 Kd3 54. Ra3+ Kc2 0-1

[Event "Sochi op"]
[Site "Sochi"]
[Date "2011.06.19"]
[Round "3"]
[White "Shishkov, Ivan"]
[Black "Kudrin, Oleg"]
[Result "0-1"]
[WhiteElo "1881"]
[BlackElo "2027"]
[PlyCount "42"]
[EventDate "2011.06.17"]
[EventType "swiss"]
[EventRounds "9"]
[EventCountry "RUS"]
[SourceTitle "EXT 2012"]
[Source "ChessBase"]
[SourceDate "2011.11.24"]
[SourceVersion "1"]
[SourceVersionDate "2011.11.24"]
[SourceQuality "1"]

1. d4 d5 2. Nf3 Nf6 3. g3 Bf5 4. Bg2 e6 5. 0-0 Be7 6. c4 0-0 7. Nc3 Nbd7 8. Ne5 c6 9. Re1 Nxe5 10. dxe5 Ng4 11. e4 dxe4 12. Bxe4 Bc5 13. Re2 Nxf2 14. Qxd8 Nxe4+ 15. Kg2 Raxd8 16. Nxe4 Bxe4+ 17. Rxe4 Rd1 18. Re2 Rg1+ 19. Kf3 Rd8 20. Rd2 Rxd2 21. Bxd2 Rxa1 0-1

[Event "Doroshkevich Memorial op"]
[Site "Belorechensk"]
[Date "2010.05.30"]
[Round "9"]
[White "Savchenko, Andrey"]
[Black "Kudrin, Oleg"]
[Result "0-1"]
[WhiteElo "1895"]
[BlackElo "2032"]
[PlyCount "102"]
[EventDate "2010.05.22"]
[EventType "swiss"]
[EventRounds "9"]
[EventCountry "RUS"]
[SourceTitle "EXT 2011"]
[Source "ChessBase"]
[SourceDate "2010.11.26"]
[SourceVersion "1"]
[SourceVersionDate "2010.11.26"]
[SourceQuality "1"]

1. Nf3 d5 2. c4 c6 3. b3 Bf5 4. Bb2 e6 5. e3 Nf6 6. Be2 Be7 7. 0-0 0-0 8. d3 c5 9. Nh4 Bg6 10. Nxg6 hxg6 11. Nd2 Nc6 12. cxd5 exd5 13. e4 dxe4 14. dxe4 Nd4 15. Bd3 g5 16. e5 Nd5 17. Nf3 Nf4 18. Bc4 Nfe6 19. Nxd4 Nxd4 20. Qh5 Qb6 21. f4 Qh6 22. Qxh6 gxh6 23. f5 Nc2 24. f6 Bd8 25. e6 Nxa1 26. e7 Nc2 27. exf8Q+ Kxf8 28. Bd5 Ne3 29. Bxb7 Rb8 30. Re1 Rxb7 31. Rxe3 Rb6 32. Ba3 Rc6 33. Re5 Bxf6 34. Rd5 Rc7 35. Kf2 Be7 36. Bb2 f6 37. Ke3 Kf7 38. Kd3 Ke6 39. Ke4 Rb7 40. Rd2 Rb4+ 41. Kf3 Bd6 42. g3 g4+ 43. Ke3 f5 44. Kf2 h5 45. Ba3 Re4 46. Rd3 Rd4 47. Re3+ Kd5 48. Re2 f4 49. gxf4 Bxf4 50. Re7 Rd2+ 51. Kf1 Rxa2 0-1

[Event "Doroshkevich Memorial op"]
[Site "Belorechensk"]
[Date "2010.05.27"]
[Round "6"]
[White "Kudrin, Oleg"]
[Black "Matsievskaya, Lyudmila"]
[Result "1-0"]
[WhiteElo "2032"]
[BlackElo "1618"]
[PlyCount "89"]
[EventDate "2010.05.22"]
[EventType "swiss"]
[EventRounds "9"]
[EventCountry "RUS"]
[SourceTitle "EXT 2011"]
[Source "ChessBase"]
[SourceDate "2010.11.26"]
[SourceVersion "1"]
[SourceVersionDate "2010.11.26"]
[SourceQuality "1"]

1. e4 c6 2. d4 d5 3. e5 Bf5 4. Nc3 e6 5. g4 Bg6 6. Nge2 h6 7. Nf4 Bh7 8. Be3 Bb4 9. h4 Qe7 10. Bd3 Bxd3 11. Qxd3 Nd7 12. a3 Ba5 13. b4 Bc7 14. Ke2 Nb6 15. h5 Nc4 16. b5 Ba5 17. a4 Nb2 18. Qd2 Nc4 19. Qe1 Qb4 20. Na2 Qxa4 21. c3 Qxb5 22. Kf3 Ne7 23. Qe2 Qb6 24. Nd3 Qc7 25. Kg3 b6 26. f4 Nxe3 27. Qxe3 Rc8 28. Nab4 Bxb4 29. cxb4 Ra8 30. Raf1 Rc8 31. f5 exf5 32. gxf5 Qd7 33. e6 Qd6+ 34. Kh3 f6 35. Qf3 c5 36. bxc5 bxc5 37. Nxc5 Rxc5 38. dxc5 Qxc5 39. Rhg1 Rg8 40. Rc1 Qd4 41. Rgd1 Qe5 42. Rxd5 Nxd5 43. Rc8+ Ke7 44. Qa3+ Qd6 45. Qxa7+ 1-0

[Event "Doroshkevich Memorial op"]
[Site "Belorechensk"]
[Date "2010.05.22"]
[Round "1"]
[White "Demchenko, Anton"]
[Black "Kudrin, Oleg"]
[Result "1-0"]
[WhiteElo "2524"]
[BlackElo "2032"]
[PlyCount "73"]
[EventDate "2010.05.22"]
[EventType "swiss"]
[EventRounds "9"]
[EventCountry "RUS"]
[SourceTitle "EXT 2011"]
[Source "ChessBase"]
[SourceDate "2010.11.26"]
[SourceVersion "1"]
[SourceVersionDate "2010.11.26"]
[SourceQuality "1"]

1. d4 d5 2. Nf3 Nf6 3. Bf4 e6 4. e3 Be7 5. Bd3 c5 6. c3 0-0 7. Nbd2 c4 8. Bc2 Qa5 9. e4 Nh5 10. Be3 f5 11. exf5 exf5 12. Ne5 Nf6 13. 0-0 Qc7 14. Re1 Nc6 15. Bf4 Bd6 16. Ndf3 Re8 17. Nxc6 bxc6 18. Bxd6 Rxe1+ 19. Qxe1 Qxd6 20. Qe5 Qd7 21. Nh4 Ne4 22. f3 Nd6 23. Re1 g6 24. Qf6 Ne8 25. Qg5 Ng7 26. g4 Qf7 27. Re5 Ne6 28. Qe3 f4 29. Qe1 Bd7 30. Ng2 Re8 31. h4 Kg7 32. b3 cxb3 33. axb3 c5 34. dxc5 d4 35. g5 Bc6 36. b4 Qc7 37. Rxe6 1-0